|
|
|
|
| LEADER |
01828cas a2200337 a 4500 |
| 001 |
AALejournalIMF021864 |
| 008 |
230101c9999 xx r poo 0 0eng d |
| 020 |
|
|
|c 20.00 USD
|
| 020 |
|
|
|z 9781513577494
|
| 022 |
|
|
|a 2616-5333
|
| 040 |
|
|
|a BD-DhAAL
|c BD-DhAAL
|
| 100 |
1 |
|
|a Arena, Marco.
|
| 245 |
1 |
0 |
|a Who Bore the Brunt of the Pandemic in Europe? :
|b Shifting Private Stress to the Public Sector /
|c Marco Arena, Ruo Chen, Alfredo Cuevas, Karim Foda.
|
| 264 |
|
1 |
|a Washington, D.C. :
|b International Monetary Fund,
|c 2021.
|
| 300 |
|
|
|a 1 online resource (45 pages)
|
| 490 |
1 |
|
|a Departmental Papers
|
| 500 |
|
|
|a <strong>Off-Campus Access:</strong> No User ID or Password Required
|
| 500 |
|
|
|a <strong>On-Campus Access:</strong> No User ID or Password Required
|
| 506 |
|
|
|a Electronic access restricted to authorized BRAC University faculty, staff and students
|
| 520 |
3 |
|
|a In Europe, the severe human toll of the COVID-19 pandemic was compounded by the deepest fall in economic activity in modern history. Yet this huge decline in output did surprisingly little damage to the aggregate financial balance sheets of firms and households. This paper discusses how unprecedented policy support transferred private sector income losses to the public sector's balance sheet and contrasts this experience to that of the global financial crisis.
|
| 538 |
|
|
|a Mode of access: Internet
|
| 650 |
|
7 |
|a Business Fluctuations
|2 imf
|
| 650 |
|
7 |
|a Cycles
|2 imf
|
| 650 |
|
7 |
|a Macroeconomics
|2 imf
|
| 650 |
|
7 |
|a Saving
|2 imf
|
| 650 |
|
7 |
|a Wealth
|2 imf
|
| 700 |
1 |
|
|a Chen, Ruo.
|
| 700 |
1 |
|
|a Cuevas, Alfredo.
|
| 700 |
1 |
|
|a Foda, Karim.
|
| 830 |
|
0 |
|a Departmental Papers; Departmental Paper ;
|v No 2021/015
|
| 856 |
4 |
0 |
|z Full text available on IMF
|u http://elibrary.imf.org/view/journals/087/2021/015/087.2021.issue-015-en.xml
|z IMF e-Library
|